000 00472nam a2200169 4500
001 122768
003 ES-MaACL
005 20230906192035.0
007 t|
008 070214s1958 sp r ||||1| spa d
100 1 _aPuigvert, A.
_994308
245 1 3 _aLa tuberculosis urinaria y genital masculina /
_cpor A. Puigvert.
250 _a1ยช. ed.
260 _aBarcelona :
_bSalvat,
_c1958.
300 _aX, 397 p. :
_bil. ;
_c22 cm.
852 _aES-MaACL
_jC-14352
_bR.42279
999 _c122768
_d122768